Metafísica

Gardado en:
Detalles Bibliográficos
Autor Principal: Aristóteles
Formato: Libro
Idioma:Undetermined
Publicado: México, Distrito Federal Espasa-Calpe 1960
Edición:6
Materias:
Etiquetas: Engadir etiqueta
Sen Etiquetas, Sexa o primeiro en etiquetar este rexistro!

MARC

LEADER 00000nam a2200000Ia 4500
008 170316s9999 xx 000 0 und d
090 |a 100 A-36m 
100 |a Aristóteles 
245 |a Metafísica 
250 |a 6 
260 |a México, Distrito Federal 
260 |b Espasa-Calpe 
260 |c 1960 
300 |a 300 páginas 
650 |a FILOSOFÍA 
999 |c 15556  |d 15556 
040 |a cru BVZT 
942 |c 15 D  |h 100 A-36m  |2 z